| 000 | 00682nam a2200253Ia 4500 | ||
|---|---|---|---|
| 003 | OSt | ||
| 005 | 20221007112657.0 | ||
| 006 | a|||||r|||| 00| 0 | ||
| 007 | ta | ||
| 008 | 221006b |||||||| |||| 00| 0 eng d | ||
| 024 | _a29,163 | ||
| 037 | _cTextual | ||
| 040 |
_aLCO _cLCO _beng |
||
| 041 |
_2eng _aeng |
||
| 082 | _aZ2,315, Q2 | ||
| 100 |
_aSaharay Madhusudhan _9708741 |
||
| 245 | 0 | _aIndian Partnership Act With Limited Liability Partnership Act | |
| 250 | _a2nd | ||
| 260 |
_aNew _bDelhi Universal Pub. India _c2012 |
||
| 300 | _a265 | ||
| 650 | _aPARTNERSHIP | ||
| 942 |
_hZ2,315, Q2 _cTEXL |
||
| 999 |
_c1198726 _d1198726 |
||